000 00354 a2200157 4500
001 57316
020 _a8508018967
040 _cAnchieta - Pituba
100 _aRey, Marcos
240 1 0 _aO mistério do cinco estrelas
_lpor
245 1 0 _aO mistério do cinco estrelas
300 _a128
362 0 _a1998
650 4 _aLiteratura juvenil
942 _cBK
999 _c57316
_d57316